| 000 | 00350nam a2200109Ia 4500 | ||
|---|---|---|---|
| 008 | 200302s9999 xx 000 0 und d | ||
| 100 | _aJan Feyen and Other | ||
| 245 | _aWater and Urban Development Paradigms Towards an Integration of Engineering Design and Management Approaches | ||
| 260 | _bTaylor &Francis Group | ||
| 260 | _c2009 | ||
| 300 | _a694 P., | ||
| 999 |
_c5729 _d5729 |
||